Rashidun Caliphs - Statistics

General Stats
  • This quiz has been taken 121 times
  • The average score is 4 of 5
Answer Stats
# Years Caliphs % Correct
4 656 - 661 'Ali ibn Abi Talib
96%
1 632 - 634 Abū Bakr
91%
2 634 - 644 ʿUmar ibn al-Khattab
88%
3 644 - 656 'Uthman ibn 'Affan
87%
5 661 Ḥasan ibn ʿAli
42%
No matching quizzes found
Score Distribution
Percent of People with Each Score
Percentile by Number Answered
Your Score History
You have not taken this quiz